[Event "Internet Section 06A g/8'+2\""]
[Site "Dos Hermanas"]
[Date "2004.03.06"]
[Round "1"]
[White "Pourkashiyan, Atousa"]
[Black "Sobel, Mark"]
[Result "1-0"]
[WhiteElo "2232"]
[BlackElo "1859"]
[PlyCount "128"]
[EventDate "2004.03.06"]
[EventType "swiss (blitz)"]
[EventRounds "9"]
[EventCountry "ESP"]
[SourceTitle "CBM 099 Extra"]
[Source "ChessBase"]
[SourceDate "2004.05.04"]
[SourceVersion "1"]
[SourceVersionDate "2004.05.04"]
[SourceQuality "1"]

1. e4 e5 2. Nf3 Nc6 3. Bc4 Nf6 4. d4 exd4 5. 0-0 d6 6. Nxd4 Nxd4 7. Qxd4 Be7 8. Nc3 0-0 9. Bg5 Be6 10. Rad1 Nd7 11. Bxe7 Qxe7 12. Bxe6 fxe6 13. Nb5 Ne5 14. f4 Nc6 15. Qc4 a6 16. Nc3 Kh8 17. Kh1 e5 18. Nd5 Qd7 19. f5 Nd4 20. Qxc7 Qxc7 21. Nxc7 Rac8 22. Ne6 Nxe6 23. fxe6 Rxf1+ 24. Rxf1 Kg8 25. c3 Re8 26. Rf7 Rxe6 27. Rxb7 Rf6 28. Kg1 Rf4 29. Rb6 Rxe4 30. Rxd6 Re2 31. Rb6 Kf7 32. a4 Rc2 33. a5 e4 34. b4 e3 35. Kf1 Rf2+ 36. Ke1 Rxg2 37. Rxa6 Rxh2 38. Rc6 g5 39. a6 Ra2 40. b5 g4 41. Rc7+ Kf6 42. Rxh7 g3 43. Rh6+ Kf5 44. Rh8 g2 45. Rg8 Ra1+ 46. Ke2 g1Q 47. Rxg1 Rxg1 48. a7 Ra1 49. b6 Ke4 50. b7 Ra2+ 51. Kd1 e2+ 52. Ke1 Rxa7 53. b8Q Ra1+ 54. Kxe2 Ra2+ 55. Kd1 Ra1+ 56. Kc2 Ra2+ 57. Kb3 Ra1 58. Qe8+ Kd3 59. Qg6+ Ke3 60. Qg5+ Ke4 61. Kb2 Rf1 62. Qg2+ Rf3 63. c4 Kf4 64. Qxf3+ Kxf3 1-0

[Event "Internet Section 06A g/8'+2\""]
[Site "Dos Hermanas"]
[Date "2004.03.06"]
[Round "5"]
[White "Sarobe, Juan Cruz"]
[Black "Sobel, Mark"]
[Result "0-1"]
[WhiteElo "2035"]
[BlackElo "2094"]
[PlyCount "70"]
[EventDate "2004.03.06"]
[EventType "swiss (blitz)"]
[EventRounds "9"]
[EventCountry "ESP"]
[SourceTitle "CBM 099 Extra"]
[Source "ChessBase"]
[SourceDate "2004.05.04"]
[SourceVersion "1"]
[SourceVersionDate "2004.05.04"]
[SourceQuality "1"]

1. f4 f5 2. e3 Nf6 3. Nf3 e6 4. b3 Be7 5. Bb2 0-0 6. Be2 b6 7. 0-0 Bb7 8. d3 Nc6 9. Ne5 d6 10. Nxc6 Bxc6 11. Nd2 Qe8 12. Bf3 Bxf3 13. Qxf3 Nd5 14. c4 Nb4 15. Qe2 Qg6 16. a3 Nc6 17. Rf3 Qh5 18. Qf2 Bh4 19. Qf1 Rae8 20. Rh3 Qg4 21. Nf3 Bf6 22. Qf2 Bxb2 23. Qxb2 Qg6 24. d4 Qf6 25. Qc2 e5 26. d5 Ne7 27. Ng5 h6 28. Ne6 Rf7 29. Nxc7 Rc8 30. Ne6 Nxd5 31. Qd3 Qxe6 32. cxd5 Qf6 33. Rf3 e4 34. Qa6 Qxa1+ 35. Rf1 Rc1 0-1

[Event "Internet Section 06A g/8'+2\""]
[Site "Dos Hermanas"]
[Date "2004.03.06"]
[Round "4"]
[White "Sobel, Mark"]
[Black "Papadakis, Michalis"]
[Result "1-0"]
[WhiteElo "2007"]
[BlackElo "2206"]
[PlyCount "47"]
[EventDate "2004.03.06"]
[EventType "swiss (blitz)"]
[EventRounds "9"]
[EventCountry "ESP"]
[SourceTitle "CBM 099 Extra"]
[Source "ChessBase"]
[SourceDate "2004.05.04"]
[SourceVersion "1"]
[SourceVersionDate "2004.05.04"]
[SourceQuality "1"]

1. e4 c5 2. Nf3 d6 3. d4 cxd4 4. Nxd4 Nf6 5. Nc3 a6 6. Be2 e5 7. Nb3 Be7 8. Be3 Be6 9. Qd2 Qc7 10. 0-0 Nbd7 11. Rad1 Rc8 12. h3 Nb6 13. f4 Nc4 14. Bxc4 Bxc4 15. Rf2 b5 16. Kh1 b4 17. Nd5 Bxd5 18. exd5 Ne4 19. Qxb4 Nxf2+ 20. Bxf2 Qxc2 21. Qa4+ Kd8 22. Bb6+ Rc7 23. Rc1 Qxb2 24. Rxc7 1-0